000 00436nam a2200181Ia 4500
001 16049
005 20260306170241.0
008 260306t2017||||xx |||||||||||||| ||und||
041 _aESP
082 _a346.53
_bG64
100 _aGómez Pomar, Fernando
_eAUT
245 0 _aEl daño moral y su cuantificación
260 _c2017
300 _a633 páginas :
_c25 cm.
650 _aGEN
654 _aCDE
942 _cLIB
_dJUS
_fJUS
_2ddc
_n
999 _c16049
_d16049